00582cam a22002051 45000010008000000030006000080050017000140080041000310100017000720350019000890400020001080420012001280500017001400820015001571000045001722450018002172600079002353000019003146500043003336984561GBCCL20241126110627.0791109s1954 xx 000 0 eng  a 54035834  a(OCoLC)5669087 aDLCcCLolCdDLC apremarc00aBV3795b.B34 a269.2bBAR1 aBarnette, J. N.q(Jasper Newton),d1887-10aOne to eight. aNashville,bSunday School Board of the Southern Baptist Conventionc[1954] a127 p.c19 cm. 0aEvangelistic workxStudy and teaching.